000
00211nam a22000857a 4500
008
170116b xxu||||| |||| 00| 0 eng d
100
_9
2410
_a
Bhatia.K
245
_a
Expressions in Art-7
260
_a
New Delhi
_b
N P
_c
2009
999
_c
5445
_d
5444